| 000 | 01495nab a2200241 i 4500 | ||
|---|---|---|---|
| 001 | 768714001 | ||
| 003 | CO-MdFUSB | ||
| 005 | 20240620141344.0 | ||
| 008 | 240620t1992 us ||||| |||| 00| 0 eng d | ||
| 040 |
_bspa _cCO-MdFUSB _dCO-MdFUSB |
||
| 041 | _aeng | ||
| 100 |
_aSmith, Christopher A., _eautor |
||
| 245 | 1 |
_aA tale of many models : _bthe missiological significance of the Serampore Trio _c/ A. Christopher Smith |
|
| 520 | _a¿Cuáles fueron los modelos misioneros a partir de los cuales Carey y su compañía en Serampore trabajaron y luego legaron al llamado movimiento misionero moderno? ¿En qué sentido su misión en Bengala, hace 200 años, fue parte de un período único de transición entre épocas contrastantes de la historia de la misión protestante? La investigación de estas cuestiones nos lleva a distinguir entre la creación de modelos y la creación de mitos en la promoción y la historia de la misión. Esto arroja una luz completamente nueva sobre el significado misiológico de una venerable trinidad bautista: William Carey, William Ward y Joshua Marshman. | ||
| 546 | _atexto en inglés. | ||
| 650 | 0 |
_aProtestantismo _9947 |
|
| 650 | 0 |
_aMisiones _9154 |
|
| 650 | 0 |
_aEvangelización _9362 |
|
| 650 | 0 |
_aCristianismo y otras religiones _91247 |
|
| 773 | 0 |
_049486 _961130 _d Pasadena _oR0884 _tMissiology: _w(CO-MdFUSB)97 _gVolumen 20, (número 4, 1992) páginas: 479 - 500 _qpágina: 479 |
|
| 942 | _cANA | ||
| 945 | _aCatherine Arias Álvarez - Practicante SENA | ||
| 999 |
_c70321 _d70321 |
||